Ensayos sobre jurisprudencia tributaria : introducción al estudio de los conceptos fundamentales del Derecho Tributario en la doctrina del Tribunal Supremo / por Miguel Alfonso Llamas Labella introducción al estudio de los conceptos fundamentales del Derecho Tributario en la doctrina del Tribunal Supremo / por Miguel Alfonso Llamas Labella
ISBN:
84-600-5757-7
Descripción Física:
L, 172 p. ; 24 cm
Colección:
Estudios de Hacienda Pública
Materias:
Dret fiscal -- Espanya -- Jurisprudència
MARC
| LEADER | 00000nam a2200000Ia 4500 | ||
|---|---|---|---|
| 001 | 825 | ||
| 008 | 160829s9999 xx 000 0 cat d | ||
| 020 | |a 84-600-5757-7 | ||
| 080 | |a D-1-36 | ||
| 100 | |a Llamas Labella, Miguel Alfonso |9 24978 | ||
| 245 | |a Ensayos sobre jurisprudencia tributaria : |b introducción al estudio de los conceptos fundamentales del Derecho Tributario en la doctrina del Tribunal Supremo / por Miguel Alfonso Llamas Labella | ||
| 260 | |a Madrid : |b Instituto de Estudios Fiscales, dl 1973 | ||
| 300 | |a L, 172 p. ; |c 24 cm | ||
| 490 | |a Estudios de Hacienda Pública | ||
| 650 | |a Dret fiscal |x Espanya |x Jurisprudència |9 24979 | ||
| 710 | |a Instituto de Estudios Fiscales (Madrid) |9 52635 | ||
| 901 | |a Arxiu | ||
| 942 | |n 1 | ||
| 952 | |0 0 |1 0 |4 0 |6 D136 |7 1 |9 43398 |a Arxiu |b Arxiu |d 2016-12-01 |l 0 |o D-1-36 |p 825 |r 2016-12-01 00:00:00 |w 2016-12-01 |y ARXIU | ||
| 999 | |c 45944 |d 45944 | ||